Loreto College Library, Kolkata
WEBOPAC (ONLINE PUBLIC ACCESS CATALOGUE)

The Mughal empire (Record no. 9487)

MARC details
000 -LEADER
fixed length control field 00627nam a2200217Ia 4500
005 - DATE AND TIME OF LATEST TRANSACTION
control field 20250310113131.0
008 - FIXED-LENGTH DATA ELEMENTS--GENERAL INFORMATION
fixed length control field 131103s9999 xx 000 0 und d
020 ## - ISBN | অাই এস বি এন
ISBN | অাই এস বি এন 8185618143
040 ## - CATALOGING SOURCE
Original cataloging agency Loreto College
041 ## - LANGUAGE CODE
Language code English
082 ## - DDC | ডিউই
Classification number | বর্গসংখ্যা 954.02
Book Number | গ্রন্থাঙ্ক RIC
100 ## - MAIN ENTRY--PERSONAL NAME | মুখ্য সংলেখ - ব্যাক্তিনাম
Personal name | ব্যাক্তিনাম Richards,John E.
245 #4 - TITLE STATEMENT | অাখ্যা বিবরণী
Title | অাখ্যা The Mughal empire
Statement of responsibility | লেখকের দায়িত্বের বিবরণ John E.Richards
260 ## - IMPRINT | প্রকাশনা ক্ষেত্র
Place of publication | প্রকাশ স্থান Cambridge
Name of publisher | প্রকাশকের নাম Cambridge University Press
Date of publication | প্রকাশ কাল 1993
300 ## - PHYSICAL DESCRIPTION |
Page / Vol. No | পৃষ্ঠা / খন্ড সংখ্যা xvi,320 p.
Other physical details | অনান্য বাহ্যিক বিবরণ maps,tables
440 ## - SERIES STATEMENT |গ্রন্থমালা
Series Title | গ্রন্থমালা অাখ্যা The New Cambridge History Of India
504 ## - BIBLIOGRAPHY, ETC. NOTE
Bibliography, etc Includes index,glossary and bibliographical references
650 ## - SUBJECT ADDED ENTRY--TOPICAL TERM | বিষয় শিরোনাম - মূল বিষয়
Topical term | মূল বিষয় Medieval History
850 ## - HOLDING INSTITUTION
Holding institution LCLIB
942 ## - ADDED ENTRY ELEMENTS (KOHA)
Koha item type Books
Holdings
Withdrawn status Lost status Source of classification Damaged status Not for loan Home library Current library Date acquired Total Checkouts Full call number Accession No. Date last seen Date checked out Price effective from Koha item type Coded location qualifier
    Dewey Decimal Classification     Loreto College Loreto College 04/11/2013 32 954.02 RIC37623 B9365 06/05/2022 06/05/2022 04/11/2013 Books